Qiraah fanniyah liathar Misriyah

محفوظ في:

المؤلف الرئيسي: Madkur , fatimah

التنسيق: كتاب

اللغة: Undetermined

منشور في: AL_Iskandariyah 1984

الوسوم: إضافة وسم

لا توجد وسوم, كن أول من يضع وسما على هذه التسجيلة!

رقم الطلب: DT 59.A8 M2

LEADER 00444nam a2200133Ia 4500
008 230909s9999||||xx |||||||||||||| ||und||
050 4 |a DT 59.A8 M2 
100 1 |a Madkur , fatimah  
245 1 0 |a Qiraah fanniyah liathar Misriyah  
264 1 |a AL_Iskandariyah   |c 1984 
300 |a 176 P 
942 |2 lcc  |c BK 
952 |0 0  |1 0  |2 lcc  |4 0  |6 DT0059 A8 M2  |7 1  |9 50028  |a ARCE  |b ARCE  |d 2023-09-09  |l 0  |o DT 59.A8 M2  |p 1028666  |r 2023-09-09 00:00:00  |w 2023-09-09  |y BK 
999 |c 54651  |d 54651